000 00836cam a22002651 4500
999 _c2427
_d2427
001 8006711
005 20170920124037.0
008 780110s1966 enkb 000 0 eng
010 _a 66076181
035 _a(OCoLC)3548425
040 _aDLC
_cAzU
_dDLC
042 _apremarc
050 0 0 _aG540
_b.C57
082 _a910.45
100 1 _aChichester, Francis Charles,
_cSir,
_d1901-1972,
_eed.
_935940
245 1 0 _aAlong the clipper way
_cby Francis Chichester; with extracts from Francis Drake [and others]
260 _aLondon,
_bHodder & Stoughton
_c[1966]
300 _a256 p.
_bmap.
_c23 cm.
650 0 _aSeafaring life.
_935927
650 0 _aClipper ships.
_935941
906 _a7
_bcbc
_coclcrpl
_du
_encip
_f19
_gy-gencatlg
942 _2lcc
_cMONOGRAPH